[Event "Budapest FS11 FM"]
[Site "Budapest"]
[Date "2017.11.04"]
[Round "1"]
[White "Bogad, Peter"]
[Black "Vanya, Janos"]
[Result "0-1"]
[WhiteElo "1856"]
[BlackElo "1916"]
[PlyCount "47"]
[EventDate "2017.11.04"]
[EventType "tourn"]
[EventRounds "10"]
[EventCountry "HUN"]
[SourceTitle "CBM 181 Extra"]
[Source "ChessBase"]
[SourceDate "2017.12.12"]
[SourceVersion "1"]
[SourceVersionDate "2017.12.12"]
[SourceQuality "1"]

1. b3 e5 2. e3 d5 3. Bb2 Nc6 4. Bb5 Bd6 5. f4 d4 6. exd4 exd4 7. Bxd4 Nf6 8. Ne2 0-0 9. Bb2 Bg4 10. 0-0 Re8 11. h3 Bxe2 12. Bxe2 Bc5+ 13. Kh2 Ne4 14. Nc3 Nxd2 15. Rh1 Be3 16. g3 Nd4 17. Bh5 Qd7 18. Re1 Rad8 19. Bc1 Nf5 20. Bg4 Qc6 21. Na4 Nf1+ 22. Rxf1 Rxd1 23. Rxd1 Qxc2+ 24. Kh1 0-1

[Event "Budapest FS09 Development"]
[Site "Budapest"]
[Date "2017.09.12"]
[Round "10"]
[White "Bogad, Peter"]
[Black "Brassoi Tarnovszki, Aurel"]
[Result "1-0"]
[WhiteElo "1970"]
[BlackElo "1550"]
[PlyCount "41"]
[EventDate "2017.09.02"]
[EventType "tourn"]
[EventRounds "10"]
[EventCountry "HUN"]
[SourceTitle "CBM 180 Extra"]
[Source "ChessBase"]
[SourceDate "2017.10.06"]
[SourceVersion "1"]
[SourceVersionDate "2017.10.06"]
[SourceQuality "1"]

1. e4 e5 2. f4 d5 3. Nc3 d4 4. Nce2 exf4 5. Nf3 Nc6 6. c3 dxc3 7. bxc3 Bd6 8. d4 f6 9. Nxf4 Nge7 10. Bc4 Bg4 11. Qb3 Na5 12. Bf7+ Kf8 13. Ne6+ Bxe6 14. Qxe6 Qc8 15. 0-0 Qxe6 16. Bxe6 Ng6 17. e5 Be7 18. Ng5 h6 19. Ne4 Ke8 20. exf6 gxf6 21. Nxf6+ 1-0

[Event "Budapest FS09 Development"]
[Site "Budapest"]
[Date "2017.09.10"]
[Round "8"]
[White "Chubakov, Sultan"]
[Black "Bogad, Peter"]
[Result "1-0"]
[WhiteElo "1644"]
[BlackElo "1970"]
[PlyCount "73"]
[EventDate "2017.09.02"]
[EventType "tourn"]
[EventRounds "10"]
[EventCountry "HUN"]
[SourceTitle "CBM 180 Extra"]
[Source "ChessBase"]
[SourceDate "2017.10.06"]
[SourceVersion "1"]
[SourceVersionDate "2017.10.06"]
[SourceQuality "1"]

1. d4 e6 2. c4 b6 3. a3 Bb7 4. Nc3 f5 5. d5 e5 6. e4 Nf6 7. exf5 Bc5 8. Bd3 0-0 9. Bg5 e4 10. Nxe4 Re8 11. Bxf6 Qxf6 12. Ne2 Qxb2 13. Nxc5 bxc5 14. Rb1 Qc3+ 15. Kf1 Rxe2 16. Qxe2 Nc6 17. dxc6 Bxc6 18. Be4 Re8 19. Qc2 Qxa3 20. Bxc6 dxc6 21. h4 Qa6 22. Rh3 Rd8 23. Rd3 Rf8 24. Kg1 Qc8 25. Rf3 Qd8 26. g3 Qd4 27. Kg2 a5 28. Rf4 Qe5 29. Qe4 Qc3 30. Qxc6 Qc2 31. Ra1 Qc3 32. Ra4 Rd8 33. Qxc5 Rd1 34. Rxa5 h5 35. Ra8+ Kh7 36. Qf8 g5 37. Qg8+ 1-0

[Event "Budapest FS03 Development"]
[Site "Budapest"]
[Date "2017.07.10"]
[Round "9"]
[White "Bogad, Peter"]
[Black "Szurkos, Andras"]
[Result "1-0"]
[WhiteElo "1986"]
[BlackElo "1736"]
[PlyCount "223"]
[EventDate "2017.07.01"]
[EventType "tourn"]
[EventRounds "10"]
[EventCountry "HUN"]
[SourceTitle "EXT 2025"]
[Source "ChessBase"]
[SourceDate "2024.10.14"]
[SourceVersion "1"]
[SourceVersionDate "2024.10.14"]
[SourceQuality "1"]

1. e4 e5 2. Nc3 Nc6 3. Bc4 Bc5 4. d3 Na5 5. Na4 Qe7 6. Nxc5 Nxc4 7. Nb3 Nb6 8. f4 d6 9. Nf3 f5 10. 0-0 fxe4 11. dxe4 Bg4 12. h3 Bxf3 13. Qxf3 0-0-0 14. fxe5 Qxe5 15. Bf4 Qxb2 16. Rab1 Qa3 17. Qg4+ Nd7 18. Qxg7 Ngf6 19. Bc1 Qb4 20. Rxf6 Rhg8 21. Qh6 Nxf6 22. Qxf6 Qe1+ 23. Qf1 Qxe4 24. Bh6 Rg6 25. Re1 Qh4 26. Qf5+ Kb8 27. Bd2 Rdg8 28. Re2 b6 29. Be1 Qc4 30. Qf3 a5 31. c3 d5 32. Nd4 Qc5 33. Kh2 Qd6+ 34. g3 Kb7 35. Nf5 Qd8 36. Ne7 Rf8 37. Qg2 Rd6 38. Nxd5 c6 39. Nf4 Re8 40. Qf3 Rxe2+ 41. Qxe2 Qd7 42. Kg2 Qf5 43. Bf2 Qd7 44. Qb2 c5 45. c4 Rd2 46. Qb3 Qd4 47. Qf3+ Ka7 48. Nd5 Qg7 49. Nc3 Qb7 50. Qxb7+ Kxb7 51. Kf1 Rc2 52. Be1 Kc6 53. g4 Kd6 54. a4 Ke5 55. Nd5 Rxc4 56. Nxb6 Rc1 57. Ke2 Rb1 58. Nd7+ Kd6 59. Nf6 Ra1 60. Bxa5 Rxa4 61. Bc3 Ra2+ 62. Kf3 Ra3 63. Kf4 Ke6 64. Ne4 Ra4 65. Ke3 Kd5 66. Nd2 Ra3 67. Kd3 Ra4 68. Nf1 c4+ 69. Ke2 Ke4 70. Ng3+ Kf4 71. Nh5+ Kg5 72. Bf6+ Kg6 73. Bd8 Ra2+ 74. Ke3 Ra3+ 75. Ke4 Ra8 76. Nf4+ Kf7 77. Bg5 Rc8 78. Ne2 Re8+ 79. Kf3 Ke6 80. Nc3 Kd6 81. Be3 Ke5 82. Bc5 Rc8 83. Bb6 Rc6 84. Bf2 Ra6 85. Ke3 Ra3 86. Bg3+ Ke6 87. Kd4 Ra1 88. Kxc4 Rg1 89. Ne4 Kf7 90. Kd5 Kg6 91. h4 Ra1 92. h5+ Kf7 93. Nd6+ Kg8 94. Ke6 Rf1 95. Nf5 Rf3 96. Ke7 Rb3 97. Be5 Rb7+ 98. Ke8 h6 99. Nxh6+ Kh7 100. Nf7 Rb6 101. g5 Kg8 102. Nd6 Ra6 103. Kd7 Ra2 104. Ne4 Ra7+ 105. Ke6 Ra6+ 106. Nd6 Ra7 107. g6 Re7+ 108. Kf5 Rd7 109. Ne4 Rd1 110. h6 Rf1+ 111. Ke6 Rh1 112. Nf6+ 1-0

[Event "Budapest FS03 Development"]
[Site "Budapest"]
[Date "2017.07.09"]
[Round "8"]
[White "Bacsi, Andras"]
[Black "Bogad, Peter"]
[Result "1-0"]
[WhiteElo "1701"]
[BlackElo "1986"]
[PlyCount "79"]
[EventDate "2017.07.01"]
[EventType "tourn"]
[EventRounds "10"]
[EventCountry "HUN"]
[SourceTitle "EXT 2025"]
[Source "ChessBase"]
[SourceDate "2024.10.14"]
[SourceVersion "1"]
[SourceVersionDate "2024.10.14"]
[SourceQuality "1"]

1. e4 e6 2. d4 d5 3. Nd2 Nc6 4. Ngf3 Nf6 5. e5 Nd7 6. c3 f6 7. exf6 Qxf6 8. Be2 e5 9. dxe5 Ndxe5 10. 0-0 Bd6 11. Nxe5 Nxe5 12. Nf3 c6 13. Nxe5 Bxe5 14. Be3 0-0 15. Bd4 Bf5 16. Bxe5 Qxe5 17. Bd3 Rae8 18. Bxf5 Rxf5 19. Re1 Qxe1+ 20. Qxe1 Rxe1+ 21. Rxe1 Kf7 22. f3 Kf6 23. Kf2 Re5 24. Rxe5 Kxe5 25. Ke3 c5 26. f4+ Kf5 27. Kf3 h5 28. g3 g5 29. fxg5 Kxg5 30. h3 a5 31. a4 Kf5 32. g4+ hxg4+ 33. hxg4+ Kg5 34. Kg3 b6 35. Kf3 d4 36. cxd4 cxd4 37. Ke4 d3 38. Kxd3 Kxg4 39. Kc4 Kf5 40. Kb5 1-0

[Event "Budapest FS03 Development"]
[Site "Budapest"]
[Date "2017.07.08"]
[Round "7"]
[White "Bogad, Peter"]
[Black "Zsatkovics, Endre"]
[Result "1-0"]
[WhiteElo "1986"]
[BlackElo "1663"]
[PlyCount "103"]
[EventDate "2017.07.01"]
[EventType "tourn"]
[EventRounds "10"]
[EventCountry "HUN"]
[SourceTitle "EXT 2025"]
[Source "ChessBase"]
[SourceDate "2024.10.14"]
[SourceVersion "1"]
[SourceVersionDate "2024.10.14"]
[SourceQuality "1"]

1. e4 d6 2. d4 Nf6 3. Nc3 g6 4. f3 Bg7 5. Bg5 Nc6 6. d5 Ne5 7. Qd2 c6 8. Bh6 0-0 9. 0-0-0 cxd5 10. exd5 a6 11. Bxg7 Kxg7 12. f4 Ned7 13. h3 b5 14. g4 b4 15. Nce2 Bb7 16. Bg2 Qb6 17. g5 Ne8 18. Nf3 Rc8 19. Kb1 Nc7 20. Nh4 a5 21. Rhf1 Nb5 22. Ka1 Qc5 23. Rc1 Nb6 24. f5 Kg8 25. Nf4 Nc4 26. Qd3 Qd4 27. Qxd4 Nxd4 28. Rfe1 Ne5 29. c3 Nxf5 30. Nxf5 gxf5 31. h4 Rc4 32. Rf1 Rfc8 33. Bh3 Ng4 34. Ne2 Ne3 35. Bxf5 R8c5 36. Bxh7+ Kxh7 37. Rxf7+ Kg6 38. Rxe7 Nxd5 39. Rxb7 Rxh4 40. Rd7 bxc3 41. Rxd6+ Kxg5 42. bxc3 Rh2 43. Rg1+ Kf5 44. Nd4+ Ke4 45. Re1+ Kd3 46. Nb3 Rb5 47. Nd4 Rc5 48. Ne6 Rb5 49. Nc7 Rbb2 50. Rxd5+ Kxc3 51. Rc1+ Kb4 52. Rb5+ 1-0

[Event "Budapest FS03 Development"]
[Site "Budapest"]
[Date "2017.07.03"]
[Round "3"]
[White "Bogad, Peter"]
[Black "Bacsi, Andras"]
[Result "1-0"]
[WhiteElo "1986"]
[BlackElo "1701"]
[PlyCount "83"]
[EventDate "2017.07.01"]
[EventType "tourn"]
[EventRounds "10"]
[EventCountry "HUN"]
[SourceTitle "EXT 2025"]
[Source "ChessBase"]
[SourceDate "2024.10.14"]
[SourceVersion "1"]
[SourceVersionDate "2024.10.14"]
[SourceQuality "1"]

1. e4 c5 2. a3 e6 3. b4 cxb4 4. axb4 Bxb4 5. Bb2 Nf6 6. e5 Nd5 7. c4 Nb6 8. Qg4 0-0 9. Nc3 f5 10. exf6 Qxf6 11. Nf3 Nc6 12. Bd3 Ne5 13. Nxe5 Qxe5+ 14. Kd1 Qf4 15. Qh5 Qh6 16. Qxh6 gxh6 17. Ne4 Be7 18. c5 Nd5 19. h4 Bf6 20. Nxf6+ Nxf6 21. Rh3 Kf7 22. Rf3 Ke7 23. Ra4 Ne8 24. Rxf8 Kxf8 25. Rg4 d5 26. cxd6 e5 27. Rg3 Be6 28. Bxe5 Rd8 29. Bxh7 Nxd6 30. Bg7+ Ke7 31. Bxh6 Ra8 32. Rg7+ Nf7 33. Bg5+ Kd6 34. Bf4+ Kc5 35. Bg6 Rf8 36. h5 Nd6 37. Be3+ Kc6 38. h6 Nf5 39. Bxf5 Bxf5 40. g4 Be4 41. f4 Rh8 42. f5 1-0

[Event "Budapest-chT1 Lilienthal 1314"]
[Site "Budapest"]
[Date "2013.11.24"]
[Round "4"]
[White "Bogad, Peter"]
[Black "Kocsis, Jozsef"]
[Result "1-0"]
[WhiteElo "2060"]
[BlackElo "1849"]
[PlyCount "101"]
[EventDate "2013.09.29"]
[EventType "team-tourn"]
[EventRounds "11"]
[EventCountry "HUN"]
[SourceTitle "EXT 2021"]
[Source "ChessBase"]
[SourceDate "2020.10.23"]
[SourceVersion "1"]
[SourceVersionDate "2020.10.23"]
[SourceQuality "1"]
[WhiteTeam "Barcza GSC"]
[BlackTeam "Sarkany II"]
[WhiteTeamCountry "HUN"]
[BlackTeamCountry "HUN"]

1. e4 c5 2. a3 Nc6 3. b4 cxb4 4. axb4 Nxb4 5. c3 Nc6 6. d4 d5 7. exd5 Qxd5 8. Na3 Bf5 9. Nb5 Rc8 10. Bf4 e5 11. dxe5 Qe4+ 12. Ne2 Nxe5 13. Bxe5 Qxe5 14. Nxa7 Rxc3 15. f4 Qe4 16. Nb5 Rc8 17. Nd6+ Bxd6 18. Qxd6 Nf6 19. h3 Qe7 20. Qe5 Qxe5 21. fxe5 Nd7 22. Nd4 Be6 23. Bb5 Ke7 24. 0-0 Nxe5 25. Rfe1 f6 26. Ra7 Bd5 27. Nf5+ Ke6 28. Nxg7+ Kf7 29. Nf5 Rc7 30. Ba6 Rg8 31. Nh6+ Kg7 32. Nxg8 Kxg8 33. Rd1 Bc6 34. Rd8+ Kf7 35. Rb8 Nd7 36. Bc4+ Kg7 37. Rg8+ Kh6 38. Bd3 Ne5 39. Bf5 Rg7 40. Rxg7 Kxg7 41. Bc8 Kg6 42. Bxb7 Bxb7 43. Rxb7 h5 44. Rb4 Kg5 45. g3 h4 46. gxh4+ Kh5 47. Rf4 Ng6 48. Rxf6 Nxh4 49. Kh2 Kg5 50. Rf8 Nf5 51. Rg8+ 1-0

[Event "Budapest-chT1 Lilienthal 1213"]
[Site "Budapest"]
[Date "2013.02.24"]
[Round "8"]
[White "Fazekas, Peter"]
[Black "Bogad, Peter"]
[Result "0-1"]
[WhiteElo "1914"]
[BlackElo "2055"]
[PlyCount "64"]
[EventDate "2012.09.30"]
[EventType "team-tourn"]
[EventRounds "11"]
[EventCountry "HUN"]
[SourceTitle "EXT 2019"]
[Source "ChessBase"]
[SourceDate "2018.10.10"]
[SourceVersion "1"]
[SourceVersionDate "2018.10.10"]
[SourceQuality "1"]
[WhiteTeam "Budapest SENSE"]
[BlackTeam "Barcza GSC"]
[WhiteTeamCountry "HUN"]
[BlackTeamCountry "HUN"]

1. e4 e6 2. d4 d5 3. exd5 exd5 4. Bd3 Bd6 5. Nf3 Ne7 6. 0-0 0-0 7. Bg5 f6 8. Bh4 Bf5 9. Re1 Nbc6 10. c4 Bg4 11. Nc3 Bxf3 12. Qxf3 Nxd4 13. Qg4 dxc4 14. Bxc4+ Kh8 15. Rad1 Nec6 16. Nb5 Nxb5 17. Bxb5 Re8 18. Bxc6 bxc6 19. Qc4 Qd7 20. f3 Rab8 21. b3 a5 22. Bf2 h6 23. Rc1 Rxe1+ 24. Rxe1 Re8 25. Rc1 Re6 26. Qa6 Ba3 27. Rf1 Bb4 28. Qc4 Qd5 29. Rc1 Qxc4 30. Rxc4 Re2 31. Rxc6 Rxa2 32. Rxc7 Ra1+ 0-1

[Event "Budapest-chT1 Lilienthal 1213"]
[Site "Budapest"]
[Date "2012.10.14"]
[Round "2"]
[White "Bogad, Peter"]
[Black "Letay, Gyula"]
[Result "0-1"]
[WhiteElo "2055"]
[BlackElo "1996"]
[PlyCount "55"]
[EventDate "2012.09.30"]
[EventType "team-tourn"]
[EventRounds "11"]
[EventCountry "HUN"]
[SourceTitle "EXT 2019"]
[Source "ChessBase"]
[SourceDate "2018.10.10"]
[SourceVersion "1"]
[SourceVersionDate "2018.10.10"]
[SourceQuality "1"]
[WhiteTeam "Barcza GSC"]
[BlackTeam "Budapest Vasas II"]
[WhiteTeamCountry "HUN"]
[BlackTeamCountry "HUN"]

1. e4 c5 2. Nf3 d6 3. d4 cxd4 4. Nxd4 Nf6 5. Nc3 a6 6. Bg5 e6 7. Qd2 Be7 8. 0-0-0 Nbd7 9. Bc4 Ne5 10. Bb3 Qc7 11. f4 Nc6 12. f5 Na5 13. Ba4+ Nc6 14. fxe6 fxe6 15. Bb3 Nxd4 16. Qxd4 b5 17. Rhe1 e5 18. Qd3 Bb7 19. Bxf6 gxf6 20. Nd5 Bxd5 21. Qxd5 Rc8 22. Qf7+ Kd8 23. Rd3 a5 24. Red1 a4 25. Qe6 axb3 26. Rxd6+ Ke8 27. c3 bxa2 28. Rd7 0-1

[Event "Budapest FS12 FM-A"]
[Site "Budapest"]
[Date "2009.12.14"]
[Round "10"]
[White "Zoltan, Andras"]
[Black "Bogad, Peter"]
[Result "1/2-1/2"]
[WhiteElo "1995"]
[BlackElo "2054"]
[PlyCount "46"]
[EventDate "2009.12.05"]
[EventType "tourn"]
[EventRounds "10"]
[EventCountry "HUN"]
[SourceTitle "CBM 133 Extra"]
[Source "ChessBase"]
[SourceDate "2010.01.05"]
[SourceVersion "1"]
[SourceVersionDate "2010.01.05"]
[SourceQuality "1"]

1. e4 e5 2. Bc4 d6 3. c3 f5 4. Qb3 Nh6 5. d4 f4 6. dxe5 dxe5 7. Nf3 Nc6 8. 0-0 Bc5 9. Rd1 Qf6 10. Bd2 Bg4 11. Be2 0-0-0 12. h3 Bh5 13. Qc4 Bb6 14. b4 g5 15. a4 g4 16. hxg4 Nxg4 17. Be1 Rxd1 18. Bxd1 Qg6 19. a5 Be3 20. b5 Rg8 21. bxc6 Bxf2+ 22. Bxf2 Nxf2 23. cxb7+ Kb8 1/2-1/2

[Event "Budapest FS12 FM-A"]
[Site "Budapest"]
[Date "2009.12.08"]
[Round "4"]
[White "Lakat, Gyula"]
[Black "Bogad, Peter"]
[Result "0-1"]
[WhiteElo "1956"]
[BlackElo "2054"]
[PlyCount "72"]
[EventDate "2009.12.05"]
[EventType "tourn"]
[EventRounds "10"]
[EventCountry "HUN"]
[SourceTitle "CBM 133 Extra"]
[Source "ChessBase"]
[SourceDate "2010.01.05"]
[SourceVersion "1"]
[SourceVersionDate "2010.01.05"]
[SourceQuality "1"]

1. d4 e6 2. Nf3 b6 3. g3 Bb7 4. Bg2 f5 5. c4 Nf6 6. Nc3 Bb4 7. a3 Bxc3+ 8. bxc3 Ne4 9. Qb3 Nc6 10. 0-0 Na5 11. Qb4 c5 12. Qb2 Nxc4 13. Qc2 Rc8 14. dxc5 Rxc5 15. Nd2 Ncxd2 16. Bxd2 Qa8 17. f3 Nf6 18. Be3 Rc4 19. Bd4 0-0 20. Qd2 Nd5 21. e4 Ne7 22. Qg5 Ng6 23. e5 f4 24. g4 Qe8 25. Qh5 d6 26. Rae1 dxe5 27. Bxe5 Rc5 28. Rf2 Qb5 29. Rfe2 Rd8 30. Qg5 Rdd5 31. h4 Rxe5 32. Rxe5 Rxe5 33. Qd8+ Nf8 34. Rd1 Qc5+ 35. Kh2 Qf2 36. Qc7 Re2 0-1

[Event "HUN-chT2 Breyer 0809"]
[Site "Hungary"]
[Date "2008.11.30"]
[Round "3"]
[White "Bogad, Peter"]
[Black "Kiss, Kinga"]
[Result "1/2-1/2"]
[WhiteElo "2055"]
[BlackElo "2113"]
[PlyCount "152"]
[EventDate "2008.10.26"]
[EventType "tourn"]
[EventRounds "11"]
[EventCountry "HUN"]
[SourceTitle "EXT 2010"]
[Source "ChessBase"]
[SourceDate "2010.11.25"]
[SourceVersion "1"]
[SourceVersionDate "2010.11.25"]
[SourceQuality "1"]
[WhiteTeam "BEAC II"]
[BlackTeam "Geniusz Tata"]
[WhiteTeamCountry "HUN"]
[BlackTeamCountry "HUN"]

1. e4 c5 2. Nf3 Nc6 3. d4 cxd4 4. Nxd4 Nf6 5. Nc3 e5 6. Ndb5 d6 7. Bg5 a6 8. Na3 b5 9. Nd5 Be7 10. Bxf6 Bxf6 11. c3 Bg5 12. Nc2 Ne7 13. h4 Bh6 14. g4 Nxd5 15. Qxd5 Bxg4 16. Qc6+ Bd7 17. Qxd6 Qe7 18. Rd1 Qxd6 19. Rxd6 Ke7 20. Rd5 f6 21. Nb4 Rhd8 22. Bh3 Ke8 23. Ke2 Bxh3 24. Rxh3 Bc1 25. b3 a5 26. Rxd8+ Rxd8 27. Nd5 a4 28. Nc7+ Ke7 29. Rd3 Rb8 30. Rd5 axb3 31. axb3 b4 32. cxb4 Rxb4 33. Rd1 Rxe4+ 34. Kf3 Rxh4 35. Rxc1 Rh3+ 36. Ke4 Rxb3 37. Nd5+ Kf7 38. Rc7+ Kg6 39. Ne7+ Kg5 40. Nd5 Kh6 41. Rc1 Rh3 42. Rg1 Rh5 43. Rg2 Rg5 44. Rh2+ Kg6 45. Ne3 h5 46. Rh1 Kh6 47. Kd5 e4+ 48. Kxe4 Re5+ 49. Kf3 Ra5 50. Rb1 g6 51. Rb4 f5 52. Kg3 Ra3 53. Rc4 Ra6 54. Kh3 Rf6 55. Nd5 Re6 56. Rc8 Rd6 57. Ne3 Kg5 58. Rc5 Kf4 59. Kg2 Ke4 60. Rc4+ Kd3 61. Kf3 Re6 62. Rc5 h4 63. Rd5+ Kc3 64. Kg2 f4 65. Ng4 Kc4 66. Rd1 g5 67. Rd8 Ra6 68. Rg8 Ra5 69. Nh2 Ra3 70. Rxg5 h3+ 71. Kg1 Ra1+ 72. Nf1 Kd3 73. Rd5+ Ke2 74. Rd2+ Kf3 75. Rd3+ Ke2 76. Rd2+ Kf3 1/2-1/2

[Event "Schwarzach op-B 19th"]
[Site "Salzburg"]
[Date "2004.08.24"]
[Round "4"]
[White "Giessmann, Andreas"]
[Black "Bogad, Peter"]
[Result "1-0"]
[WhiteElo "1993"]
[BlackElo "1974"]
[PlyCount "123"]
[EventDate "2004.08.21"]
[EventType "swiss"]
[EventRounds "9"]
[EventCountry "AUT"]
[SourceTitle "CBM 102 Extra"]
[Source "ChessBase"]
[SourceDate "2004.11.03"]
[SourceVersion "1"]
[SourceVersionDate "2004.11.03"]
[SourceQuality "1"]

1. c4 e6 2. g3 c5 3. Bg2 Nc6 4. Nc3 g6 5. Nf3 Bg7 6. 0-0 b6 7. d4 cxd4 8. Nb5 e5 9. Nd6+ Kf8 10. Ng5 Nh6 11. Bd5 f6 12. Ngf7 Qe7 13. Nxc8 Rxc8 14. Nxh8 Nb4 15. e4 Nxd5 16. cxd5 Kg8 17. Nxg6 hxg6 18. Bd2 f5 19. f3 g5 20. Rc1 Rc5 21. Qb3 d6 22. Bb4 Rc7 23. Rc6 Rd7 24. Rc8+ Bf8 25. g4 f4 26. Rfc1 Nf7 27. Qc2 a5 28. Be1 Nd8 29. Rc7 Nb7 30. Rxd7 Qxd7 31. Qc6 Qh7 32. Kg2 Nc5 33. Qxb6 Nxe4 34. Qc7 Qxc7 35. Rxc7 Nf6 36. Bxa5 Nxd5 37. Rc8 Ne3+ 38. Kf2 d5 39. Bc7 d3 40. Ba5 Nc4 41. Rxc4 dxc4 42. Bc3 Bc5+ 43. Ke1 e4 44. fxe4 f3 45. Bd2 f2+ 46. Kf1 Bd4 47. Bxg5 Bxb2 48. Kxf2 c3 49. Ke3 d2 50. Ke2 Bc1 51. Kd1 Kf7 52. a4 Ke6 53. a5 Ke5 54. a6 Kxe4 55. Bxd2 Bxd2 56. Kc2 Be3 57. Kxc3 Kf4 58. h3 Kg5 59. Kc4 Kh4 60. Kb5 Ba7 61. Kc6 Kxh3 62. g5 1-0